MDQL
is popping MORE tags! Check the
thread
!
Quizzes
Events
Quiz Creation
Community
Videos
Private Events
Remove Ads
Sign In
Join for FREE
Feedback
Dark Mode
Quiz Categories
Sports
Geography
Music
Movies
Television
Just For Fun
Miscellaneous
History
Literature
Language
Science
Gaming
Entertainment
Religion
Holiday
For Kids
Quiz Lab
Recent
Popular Today
Quiz Kudos Today
Editor Picks
Curator Picks
Quizzes by...
Day
Popularity
Type
Ratings
Length
Year
Community
Subscriptions
Recent Discussions
Orange Saloon
Badges
Playlists
Quests
Create
Leaderboards
Showdown
Live 5
Trivia Bingo
Activity
Puzzle Library
Sporcle Events
Private Events
Virtual Trivia
Globe League
Become a Host
Pub Owners
SporcleCon
Opinionation
Our Games
Videos
Blog
Mobile Apps
Partnerships
Remove Ads and Go Orange
Feedback
Literature
Harry Potter
A Song of Ice and Fire
The Hunger Games
Literary Character
Shakespeare
Book
Author
Novel
Poem
Young Adult
Children's Books
Play
Lord of the Rings
Literature
Harry Potter
A Song of Ice and Fire
The Hunger Games
Literary Character
Shakespeare
Book
Author
Novel
Poem
Young Adult
Children's Books
Play
Lord of the Rings
Random Quiz
Search Sporcle
×
Quiz Lab
Quiz Lab
Literature
Book
Type in answers that appear in a list
Type in answers that appear in a list
Classic
Best Score? Go Orange.
Fear Street Books Stats
Can you name the Fear Street Books?
By
bsj06a
15m
51 Questions
272 Plays
272 Plays
272 Plays
Comments
Comments
Give Quiz Kudos
Give Quiz Kudos
-
- Ratings
hide this ad
Replay
Link that replays current quiz
Next Quiz
Link to next quiz in quiz playlist
You Got
0%
They Got
Avg Score
65%
Avg Friend Score
Upgrade to see
Score Distribution
Jump to the score distribution portion of the page
Score
0/51
Timer
15:00
0
Plays Today
% Correct
The New Girl
83.8%
The Wrong Number
81.3%
The Stepsister
77.9%
The Best Friend
75%
Wrong Number 2
74.6%
The Overnight
74.3%
The Stepsister 2
73.9%
Halloween Party
73.5%
The Prom Queen
73.5%
Cat
73.5%
Missing
72.1%
The Knife
71.7%
The New Boy
71.7%
The Surprise Party
70.6%
Ski Weekend
69.9%
The Sleepwalker
69.5%
The Double Date
69.1%
Bad Dreams
68%
Haunted
67.6%
Best Friend 2
67.3%
The Cheater
66.9%
Truth or Dare
66.9%
College Weekend
66.9%
Lights Out
66.5%
Final Grade
66.2%
The Secret Bedroom
65.8%
% Correct
Switched
65.4%
The Rich Girl
65.4%
The Thrill Club
65.1%
First Date
64.7%
The Confession
64.7%
One Evil Summer
64.3%
What Holly Heard
64.3%
The Face
63.6%
Sunburn
62.1%
The Mind Reader
62.1%
The Dare
61.8%
Dead End
61.8%
The Fire Game
61.4%
The Boy Next Door
60.3%
Night Games
60.3%
Who Killed the Homecoming Queen?
59.6%
Killers Kiss
59.2%
Secret Admirer
58.1%
The Perfect Date
56.6%
Into the Dark
55.9%
Trapped
55.5%
Runaway
52.2%
Fear Hall: The Beginning
50%
Fear Hall: The Conclusion
48.9%
All Night Pary
36.8%
Quiz Playlist
Details
Report
Send in Message
Add To Playlist
Classic:
Type in answers that appear in a list
Last Updated: Feb 16, 2017
Quiz Scoreboard
CHALLENGE
Sign Up to Join the Scoreboard
Show All
Scores
Hide
Comments
May contain spoilers
Recently Published
Colored Red Africa Blitz
by spor1
Geography
30s
Find the 'City' Movie
by crazypaving
Movies
60s
5x2 Blitz: Bands
by SL_Kpop136
Music
30s
More to Explore
Quiz From the Vault
Featured Blog Post
14 Easter Pick-up Lines to Find Eggs With
hide this ad
You Might Also Like...
Tags
Book Quiz
fear
street
Today's Top Quizzes in Literature
Browse Literature
hide this ad
Today's Top Quizzes in Book
Browse Book
Top Contributed Quizzes in Literature
1
Sneaky Slytherin Logic Puzzle
2
Logic Puzzle: Avoid Dumbledore's Army
3
Mini Trivia Sudoku: A Song of Ice and Fire
4
Get The Picture: Black or White Literature
5
The Hunger Games Logic Puzzle: Find Katniss
6
One Thing in Common: Literature II
7
Harry Potter Logic Puzzle - Bill & Fleur's wedding
8
Harry Potter Video Game Releases
9
Silmarillion Characters by Any 3 Letters
10
Harry Potter Clickable Logic Puzzle #4
Explore More
Trending Topics
Crossword
Marvel
Kpop
Harry Potter
Anime
NBA
Disney
Puzzle
The Office
Soccer
Country
Pokémon
NFL
WWE
Song
hide this ad
More By:
bsj06a
Quiz
Plays
Rating
Category
Featured
Created
Fear Street Books
272
3.33
Literature
Feb 19, 2010
Go to Creator's Profile
Score Distribution
Quiz Creator Spotlight
bsj06a
Follow
Send a Message
Quizzes Created
-
Created Quiz Play Count
-
More By This Creator
Popular Quizzes Today
1
Colored Red Africa Blitz
2
Find the 'City' Movie
3
Find the US States - No Outlines Minefield
4
5x2 Blitz: Bands
5
The Countries of the World
6
Find the US States
7
US States
8
9x9 Crossword: Cartoon Network
More Literature Quizzes
Word Ladder: Old West Novel
Quiz Lab
Trending Quizzes
Colored Red Europe Blitz I
Colored Red Europe Blitz II
Colored Red Africa Blitz II
Colored Red Africa Blitz III
Colored Red Europe Blitz III
Recently Updated
Godzilla Movies
pecheneg
Grab Bag: 4-10 Letters
pecheneg
2024 March Madness Bracket
pecheneg
Famous TV Couples
Peacemaker
Champions League XIs: Real Madrid
pecheneg
Largest US Cities 1790-2010
pecheneg
Rides in Walt Disney World
pecheneg
Most Oscar Losses (Acting)
pecheneg
Beyoncé Albums
pecheneg
Leaping Animals
pecheneg
Trending Topics
Kpop
Marvel
Crossword
Harry Potter
Anime
Disney
NBA
Country
The Office
WWE
Song
NFL
Soccer
Pokémon
Puzzle
Your Account Isn't Verified!
In order to create a playlist on Sporcle, you need to verify the email address you used during registration. Go to your
Sporcle Settings
to finish the process.
Report this User
Report this user for behavior that violates our
Community Guidelines
.
Details:
Send Report
Go to the Sporcle.com Mobile Site →
Comments